000 00402nam a2200133Ia 4500
003 GCL
008 140319s9999 xx 000 0 ara d
040 _aGCL /
_cGCL
082 0 4 _a330.9569
_bح هـ
245 1 0 _aهيكل الصناعه الاسرائيلية النظرية والتطبيق
260 _a[S.N] :
_bمنشاة المعارف الاسلامية ،
_c1979
300 _a815 ص
490 _a
999 _c32242
_d32242